01372nab a22002177a 4500003000400000005001700004008004100021040000700062100002400069245006900093260007300162300001300235500004400248505053800292505009000830650002300920650001400943650004400957650001301001773014001014OSt20250310093756.0190604e xxu||||| |||| 00| 0 spa d cPJ aGómez, Julio Luis13aEl reconocimiento de la persona por nacer /cJulio Luis Gómez. aCiudad Autónoma de Buenos Aires :bThomson Reuters La Ley, c2025. ap. 73-80 aCita Online: TR LALEY AR/DOC/2769/2024. aSumario: I. Antecedentes. Su fundamento.— II. Ámbito de operatividad.— III. El reconociente.— IV. El reconocido.— V. Formas del reconocimiento.— VI. Quid de la acreditación del embarazo de la madre como requisito para la inscripción del reconocimiento.— VII. Notificación del reconocimiento.— VIII. Efectos.— IX. Reconocimiento de la persona por nacer y nacimiento como hijo matrimonial.— X. Nulidad e impugnación del reconocimiento de la persona por nacer.— XI. El nacimiento sin vida del reconocido.  t¿Te interesa el texto completo? Solicitalo al correo: koha@justierradelfuego.gov.ar  0aPERSONAS POR NACER 0aFILIACION 0aRECONOCIMIENTO DE HIJO EXTRAMATRIMONIAL 0aEMBARAZO0 02714dCiudad Autónoma de Buenos Aires : Thomson Reuters La Ley, 2014-tRevista anales de legislación argentina. Nº 3 - Marzo 2025.